PHOTOCHEMICAL GAS PHASE DETOXIFICATION WITH FTIR ANALYSIS

Bibliographic Details
Main Authors: Čížek, Š. (Author), P. A. CHRISTENSEN (Author), W. F. Lin (Author), Huang, N. (Author)
Format: Article
Language:English

MARC

LEADER 00000nab a2200000 a 4500
001 vtls011114078
003 SK-MaSNL
005 20260303143706.0
008 230222|2005 xo |||||||||||||||||eng|
015 |a SNBRB 
035 |a (uuid)8e01716b-dbc0-4edb-9846-2d1eb9f7ac5f 
035 |a (urnnbn)urn:nbn:sk:snk:ar-a08ia8 
035 |a urn:nbn:sk:snk-ab9klu 
040 |a SNKBUCL  |b slo  |c SNKBUCL  |e AACR2 
041 0 |a eng 
044 |a xo  |c SK 
100 1 |a Čížek, Š.  |4 aut  |9 1164738 
245 1 0 |a PHOTOCHEMICAL GAS PHASE DETOXIFICATION WITH FTIR ANALYSIS  |c Š. Čížek, P. A. Christensen, W. F. Lin, N. Huang 
700 1 |a P. A. CHRISTENSEN  |4 aut  |9 1164739 
700 1 |a W. F. Lin  |4 aut  |9 1164740 
700 1 |a Huang, N.  |4 aut  |9 1164741 
773 0 |t Acta Mechanica Slovaca  |g Roč. 9, č. 2-B (2005), s. 57-64 
958 |a OND 
958 |a EUIPO 
958 |a article13 
999 |c 1991739  |d 1993669